How to stay in the black by lighting up (Record no. 70027)
[ view plain ]
| 000 -LEADER | |
|---|---|
| fixed length control field | 01233cam a2200229 4500 |
| 001 - CONTROL NUMBER | |
| control field | ABS65398 |
| 008 - FIXED-LENGTH DATA ELEMENTS--GENERAL INFORMATION | |
| fixed length control field | 020419n2002 000 0 eng u |
| 035 ## - SYSTEM CONTROL NUMBER | |
| System control number | (Sirsi) u117601 |
| 100 ## - MAIN ENTRY--PERSONAL NAME | |
| Personal name | Tinworth, A |
| 245 ## - TITLE STATEMENT | |
| Title | How to stay in the black by lighting up |
| 260 ## - PUBLICATION, DISTRIBUTION, ETC. | |
| Date of publication, distribution, etc. | 2002 |
| 490 ## - SERIES STATEMENT | |
| Series statement | Estates Gazette |
| Volume/sequential designation | (0212) 23 March 2002, 120-121(2) |
| 520 ## - SUMMARY, ETC. | |
| Summary, etc. | Discusses broadband technology in relation to property owners, and looks at three building broadband providers that survived the dot.com crash. Broadband is a high-speed, always-on connection to the internet with access charged at a flat rate rather than by the minute. Three major companies have outlived many others in providing broadband services to buildings: Intellispace, Centric Telecom and HighSpeed Office. Discusses the changing attitudes of these companies to their clients and the range of services they are now offering. Concludes that broadband technology is here to stay even if the sense of urgency has gone for some property owners. |
| 590 ## - LOCAL NOTE (RLIN) | |
| Local note | ABS |
| 650 ## - SUBJECT ADDED ENTRY--TOPICAL TERM | |
| Topical term or geographic name entry element | PROPERTY OWNERS |
| 650 ## - SUBJECT ADDED ENTRY--TOPICAL TERM | |
| Topical term or geographic name entry element | BROADBAND PROVIDERS |
| 650 ## - SUBJECT ADDED ENTRY--TOPICAL TERM | |
| Topical term or geographic name entry element | LANDLORDS |
| 650 ## - SUBJECT ADDED ENTRY--TOPICAL TERM | |
| Topical term or geographic name entry element | INTERNET |
| 650 ## - SUBJECT ADDED ENTRY--TOPICAL TERM | |
| Topical term or geographic name entry element | BROADBAND |
| 690 ## - LOCAL SUBJECT ADDED ENTRY--TOPICAL TERM (OCLC, RLIN) | |
| Topical term or geographic name as entry element | INFORMATION TECHNOLOGY-INTERNET |
| 942 ## - ADDED ENTRY ELEMENTS (KOHA) | |
| Suppress in OPAC | 0 |
| Withdrawn status | Lost status | Source of classification or shelving scheme | Damaged status | Not for loan | Home library | Current library | Shelving location | Date acquired | Total Checkouts | Full call number | Barcode | Date last seen | Copy number | Price effective from | Koha item type |
|---|---|---|---|---|---|---|---|---|---|---|---|---|---|---|---|
| Dewey Decimal Classification | London | London | Journal article | 19/04/2002 | ABS65398 | 117601-1001 | 06/08/2019 | 1 | 06/08/2019 | Journal article |